[Event "Castellon Region-ch"]
[Site "Vila Real"]
[Date "2015.07.10"]
[Round "5.3"]
[White "Romero Calduch, Sergio"]
[Black "Ventura Monfort, Santiago"]
[Result "1-0"]
[WhiteElo "2119"]
[BlackElo "1962"]
[PlyCount "81"]
[EventDate "2015.10.03"]
[EventType "swiss"]
[EventRounds "7"]
[EventCountry "ESP"]
[SourceTitle "EXT 2024"]
[Source "ChessBase"]
[SourceDate "2023.10.10"]
[SourceVersion "1"]
[SourceVersionDate "2023.10.10"]
[SourceQuality "1"]

1. d4 Nf6 2. c4 g6 3. g3 Bg7 4. Bg2 d6 5. Nc3 0-0 6. Nf3 Nc6 7. 0-0 a6 8. h3 Rb8 9. e4 b5 10. cxb5 axb5 11. Nd5 Nxe4 12. Qc2 Bb7 13. Qxe4 e6 14. Nc3 Nxd4 15. Qd3 Nxf3+ 16. Bxf3 b4 17. Ne4 d5 18. Nc5 Bc6 19. Qc2 Qd6 20. Rd1 Bb5 21. Bf4 Qe7 22. Rac1 Ra8 23. b3 Bc3 24. Nd3 c6 25. a4 Bxd3 26. Qxd3 e5 27. Bd2 e4 28. Qe3 Rad8 29. Bxc3 bxc3 30. Bg2 f5 31. Qxc3 Rd6 32. Qb4 Qf6 33. Qd4 Qe6 34. b4 f4 35. b5 fxg3 36. fxg3 cxb5 37. axb5 Qf5 38. Rc7 Rff6 39. Qa7 Rde6 40. Rg7+ Kf8 41. Rxh7 1-0

[Event "Provincial-ch Moncofa"]
[Site "Moncofa"]
[Date "2013.11.16"]
[Round "6"]
[White "Ventura Monfort, Santiago"]
[Black "Aymerich Rosell, Pablo"]
[Result "0-1"]
[WhiteElo "1952"]
[BlackElo "2194"]
[PlyCount "52"]
[EventDate "2013.10.05"]
[EventType "swiss"]
[EventRounds "7"]
[EventCountry "ESP"]
[SourceTitle "EXT 2024"]
[Source "ChessBase"]
[SourceDate "2023.10.10"]
[SourceVersion "1"]
[SourceVersionDate "2023.10.10"]
[SourceQuality "1"]

1. f4 d5 2. Nf3 Nf6 3. g3 g6 4. Bg2 Bg7 5. 0-0 0-0 6. d3 c5 7. c3 Nc6 8. Qc2 d4 9. e4 dxe3 10. Nh4 Nd5 11. Qb3 e2 12. Re1 Nb6 13. Qc2 e5 14. Bxc6 bxc6 15. fxe5 Bg4 16. Ng2 Bxe5 17. Nd2 f5 18. Ne3 Bh5 19. Ndc4 Bc7 20. Ng2 Nd5 21. Nce3 g5 22. d4 f4 23. Nf5 Qf6 24. c4 Nb4 25. Qb3 Qxf5 26. gxf4 gxf4 0-1

[Event "Provincial-ch Moncofa"]
[Site "Moncofa"]
[Date "2013.11.09"]
[Round "5"]
[White "Ballester Clausell, David"]
[Black "Ventura Monfort, Santiago"]
[Result "0-1"]
[WhiteElo "1837"]
[BlackElo "1952"]
[PlyCount "72"]
[EventDate "2013.10.05"]
[EventType "swiss"]
[EventRounds "7"]
[EventCountry "ESP"]
[SourceTitle "EXT 2024"]
[Source "ChessBase"]
[SourceDate "2023.10.10"]
[SourceVersion "1"]
[SourceVersionDate "2023.10.10"]
[SourceQuality "1"]

1. c4 e6 2. Nf3 d5 3. d4 c6 4. g3 dxc4 5. Bg2 Nf6 6. 0-0 b5 7. Ne5 Nd5 8. e4 Nb6 9. Nc3 Bb7 10. Be3 Bd6 11. f4 0-0 12. Kh1 Na6 13. d5 Bxe5 14. fxe5 exd5 15. Bxb6 Qxb6 16. exd5 cxd5 17. Nxd5 Bxd5 18. Qxd5 Rad8 19. Qf3 Nc5 20. Rac1 Nd3 21. Rc2 Nxe5 22. Qh5 f6 23. Be4 g6 24. Qh6 f5 25. Bg2 Ng4 26. Qf4 Ne3 27. Rcf2 Nxf1 28. Rxf1 Qd6 29. Qe3 a6 30. Qc3 Rfe8 31. Qf3 Qd2 32. Qa3 Re2 33. Rg1 Rde8 34. Qc5 Qxb2 35. Qc6 Kg7 36. Qc7+ R8e7 0-1

[Event "Provincial-ch Vila Real"]
[Site "Vila Real"]
[Date "2012.10.20"]
[Round "3"]
[White "Gimeno Simo, Sergio"]
[Black "Ventura Monfort, Santiago"]
[Result "0-1"]
[WhiteElo "1596"]
[BlackElo "2028"]
[PlyCount "86"]
[EventDate "2012.10.06"]
[EventType "swiss"]
[EventRounds "7"]
[EventCountry "ESP"]
[SourceTitle "EXT 2024"]
[Source "ChessBase"]
[SourceDate "2023.10.10"]
[SourceVersion "1"]
[SourceVersionDate "2023.10.10"]
[SourceQuality "1"]

1. e4 e5 2. Nf3 Nc6 3. d4 exd4 4. Nxd4 Nf6 5. Nxc6 bxc6 6. Bd3 d5 7. exd5 cxd5 8. 0-0 Be7 9. Bg5 0-0 10. c3 c6 11. Nd2 Qd6 12. Bxf6 Bxf6 13. Qc2 g6 14. h3 Qf4 15. Rfe1 Be5 16. Nf1 Bd6 17. Re3 Bd7 18. Rf3 Qh6 19. Rd1 Rae8 20. c4 d4 21. c5 Be5 22. Qa4 Ra8 23. Re1 Qg7 24. Be4 Rfc8 25. Nd2 f5 26. Bd3 Re8 27. Kf1 Re7 28. Qa6 Rae8 29. Re2 Bc8 30. Qa4 Kh8 31. Nc4 Bb8 32. Qd1 Be6 33. Nd6 Bxd6 34. cxd6 Rd7 35. Qe1 Rxd6 36. Qb4 Qd7 37. a3 Bf7 38. Rd2 Rde6 39. Rd1 Qd6 40. Qxd6 Rxd6 41. g4 Bd5 42. Rf4 fxg4 43. Rxd4 Bg2+ 0-1